书目信息 |
| 题名: |
培根谈人生成就
|
|
| 作者: | 培根 著 ;石磊 编译 | |
| 分册: | ||
| 出版信息: | 北京 中国商业出版社 2011.01 |
|
| 页数: | 373页 | |
| 开本: | 22cm | |
| 丛书名: | 世界大师思想精萃 | |
| 单 册: | ||
| 中图分类: | B561.21 | |
| 科图分类: | ||
| 主题词: | 人生哲学 , 哲学思想 | |
| 电子资源: | ||
| ISBN: | 978-7-5044-7129-1 | |
| 000 | 00988oam2 2200301 450 | |
| 001 | 1359722999 | |
| 005 | 20130529082600.48 | |
| 010 | @a978-7-5044-7129-1@b精装@dCNY28.00 | |
| 100 | @a20130513d2011 em y0chiy0110 ea | |
| 101 | 1 | @achi |
| 102 | @aCN@b110000 | |
| 105 | @aa z 000yy | |
| 106 | @ar | |
| 200 | 1 | @a培根谈人生成就@APei Gen Tan Ren Sheng Cheng Jiu@f培根著@FPei Gen Zhu@g石磊编译 |
| 210 | @a北京@c中国商业出版社@d2011.01 | |
| 215 | @a373页@c图@d22cm | |
| 225 | 2 | @a世界大师思想精萃 |
| 330 | @a本书主要内容包括:论真理;论复仇;论嫉妒;论死亡;友谊与合作;逆境与顺境;假装与缄默;父母与女子等。 | |
| 461 | 0 | @12001 @a世界大师思想精萃 |
| 600 | 0 | @a培根@c(Bacon, Francis@f1561-1626)@x人生哲学@x哲学思想 |
| 600 | 0 | @a培根@c(Bacon, Francis@f1561-1626) |
| 606 | 0 | @a人生哲学 |
| 606 | 0 | @a哲学思想 |
| 690 | @aB561.21@v5 | |
| 701 | 0 | @a培根@APei Gen@4著 |
| 702 | 0 | @a石磊@AShi Lei@4编译 |
| 801 | @aCN@bTANGWEI@c20130522 | |
| 905 | @b0833588-91@dB561.21@e42@f4 | |
| 培根谈人生成就/培根著/石磊编译.-北京:中国商业出版社,2011.01 |
| 373页:图;22cm.-(世界大师思想精萃) |
| ISBN 978-7-5044-7129-1(精装):CNY28.00 |
| 本书主要内容包括:论真理;论复仇;论嫉妒;论死亡;友谊与合作;逆境与顺境;假装与缄默;父母与女子等。 |
| ● |
| 相关链接 |
|
|
|
|
正题名:培根谈人生成就
索取号:B561.21/42
 
预约/预借
| 序号 | 登录号 | 条形码 | 馆藏地/架位号 | 状态 | 备注 |
| 1 | 0833588 | 208335880 | 第一样本阅览室/ [索取号:B561.21/42] | 在馆 | |
| 2 | 0833589 | 208335899 | 第一借阅区/ [索取号:B561.21/42] | 在馆 | |
| 3 | 0833590 | 208335906 | 教育系资料室/ [索取号:B561.21/42] | 在馆 | |
| 4 | 0833591 | 208335915 | 教育系资料室/ [索取号:B561.21/42] | 在馆 |